书目信息 |
| 题名: |
不折腾 毋宁死
|
|
| 作者: | 迟双明 编著 | |
| 分册: | ||
| 出版信息: | 成都 成都时代出版社 2016 |
|
| 页数: | 246页 | |
| 开本: | 24cm | |
| 丛书名: | ||
| 单 册: | ||
| 中图分类: | F272.2 | |
| 科图分类: | ||
| 主题词: | 创业--通俗读物 | |
| 电子资源: | ||
| ISBN: | 978-7-5464-1763-9 | |
| 000 | 00817nam0 2200229 450 | |
| 001 | 012001001064 | |
| 005 | 20140920091302.0 | |
| 010 | @a978-7-5464-1763-9@dCNY32.80 | |
| 100 | @a20170328d2016 em y0chiy50 ea | |
| 101 | 0 | @achi |
| 102 | @aCN@b510000 | |
| 105 | @aa z 000yy | |
| 106 | @ar | |
| 200 | 1 | @a不折腾 毋宁死@9Bu Zhe Teng Wu Ning Si@f迟双明编著 |
| 210 | @a成都@c成都时代出版社@d2016 | |
| 215 | @a246页@c图@d24cm | |
| 330 | @a本书共分10章,包括所谓的安稳,不过是在“画地为牢”;折腾并非横冲直撞,而是以梦为马的启程;失败不可怕,可怕的是像失败者一样思考;走一条少有人走的路,才能看别人看不到的风景等内容。 | |
| 606 | 0 | @a创业@j通俗读物 |
| 690 | @aF272.2@v5 | |
| 701 | 0 | @a迟双明@9Chi Shuang Ming@c(软科学管理,@f1967-)@4编著 |
| 801 | 0 | @aCN@b上海新华@c20180901 |
| 905 | @b1042870-74@dF272.2@e1523@f5 | |
| 不折腾 毋宁死/迟双明编著.-成都:成都时代出版社,2016 |
| 246页:图;24cm |
| ISBN 978-7-5464-1763-9:CNY32.80 |
| 本书共分10章,包括所谓的安稳,不过是在“画地为牢”;折腾并非横冲直撞,而是以梦为马的启程;失败不可怕,可怕的是像失败者一样思考;走一条少有人走的路,才能看别人看不到的风景等内容。 |
| ● |
| 相关链接 |
|
|
|
|
正题名:不折腾 毋宁死
索取号:F272.2/1523
 
预约/预借
| 序号 | 登录号 | 条形码 | 馆藏地/架位号 | 状态 | 备注 |
| 1 | 1042870 | 210428704 | 第一样本阅览室/ [索取号:F272.2/1523] | 在馆 | |
| 2 | 1042871 | 210428713 | 第一借阅区/ [索取号:F272.2/1523] | 在馆 | |
| 3 | 1042872 | 210428722 | 第一借阅区/ [索取号:F272.2/1523] | 在馆 | |
| 4 | 1042873 | 210428731 | 第一借阅区/ [索取号:F272.2/1523] | 在馆 | |
| 5 | 1042874 | 210428740 | 经管系资料室/ [索取号:F272.2/1523] | 在馆 |